Normal view MARC view
  • Haq, Shahbaz Ul (360862)

Entry Personal Name

Number of records used in: 1

001 - CONTROL NUMBER

  • control field: 123191

003 - CONTROL NUMBER IDENTIFIER

  • control field: NUST

005 - DATE AND TIME OF LATEST TRANSACTION

  • control field: 20240604151400.0

008 - FIXED-LENGTH DATA ELEMENTS

  • fixed length control field: 240604|| aca||aabn | a|a d

040 ## - CATALOGING SOURCE

  • Original cataloging agency: NUST
  • Transcribing agency: NUST

100 ## - HEADING--PERSONAL NAME

  • Personal name: Haq, Shahbaz Ul (360862)

670 ## - SOURCE DATA FOUND

  • Source citation: Work cat.: (NUST): Haq, Shahbaz Ul (360862), From Merit Order to Multi-Period Optimization: Unlocking Efficiency and Reliability in Pakistan's Power Grid while Quantifying Reserve Needs /
© 2023 Central Library, National University of Sciences and Technology. All Rights Reserved.